| 000 | 00523nam a2200193Ia 4500 | ||
|---|---|---|---|
| 003 | IIN | ||
| 005 | 20240124131245.0 | ||
| 008 | 231217s9999 xx 000 0 und d | ||
| 020 |
_cRs.1695.00 _a9780323757331 |
||
| 040 |
_aIIN _bEnglish |
||
| 082 |
_a615.1 _bSKI |
||
| 100 | 1 | _aSkidmore-Roth,Linda | |
| 245 |
_aMosby's 2021 Nursing Drug Reference _cLinda Skidmore-Roth |
||
| 250 | _a.-34th ed | ||
| 260 |
_bElsevier _aNew Delhi _c2021 |
||
| 300 | _aix, 1446 p. | ||
| 650 | 1 |
_aDrug _vNursing Reference |
|
| 942 | _cBOOK | ||
| 999 |
_c565 _d565 |
||